MARC details
| 000 -LEADER |
| campo de control de longitud fija |
01483cam a2200385 a 4500 |
| 001 - NÚMERO DE CONTROL |
| campo de control |
106041 |
| 005 - FECHA Y HORA DE LA ÚLTIMA TRANSACCIÓN |
| campo de control |
20230410101650.0 |
| 008 - DATOS DE LONGITUD FIJA--INFORMACIÓN GENERAL |
| campo de control de longitud fija |
090908s2006 ht ab b 101 0 fre d |
| 035 ## - NÚMERO DE CONTROL DEL SISTEMA |
| Número de control de sistema |
15898083 |
| 010 ## - NÚMERO DE CONTROL DE LA BIBLIOTECA DEL CONGRESO |
| Número de control de LC |
2009480723 |
| 035 ## - NÚMERO DE CONTROL DEL SISTEMA |
| Número de control de sistema |
(OCoLC)ocn326865589 |
| 040 ## - FUENTE DE CATALOGACIÓN |
| Centro catalogador/agencia de origen |
KKU |
| Centro/agencia transcriptor |
KKU |
| Centro/agencia modificador |
DLC |
| 041 0# - CÓDIGO DE IDIOMA |
| Código de lengua del texto/banda sonora o título independiente |
fre |
| -- |
hat |
| 042 ## - CÓDIGO DE AUTENTICACIÓN |
| Código de autenticación |
lccopycat |
| 043 ## - CÓDIGO DE ÁREA GEOGRÁFICA |
| Código de área geográfica |
nwht--- |
| 050 14 - SIGNATURA TOPOGRÁFICA DE LA BIBLIOTECA DEL CONGRESO |
| Número de clasificación |
110 F 1928.2 |
| Número de ítem |
N765r 2006 |
| 100 1# - ENTRADA PRINCIPAL--NOMBRE DE PERSONA |
| Nombre de persona |
Noel, Amary Joseph, |
| Fechas asociadas al nombre |
1952- |
| 245 10 - MENCIÓN DEL TÍTULO |
| Título |
Randonnee souveraine : |
| Resto del título |
vers la Conférence Nationale Haitienne / |
| Mención de responsabilidad, etc. |
Amary Joseph Noel |
| 246 30 - FORMA VARIANTE DEL TITULO |
| Título propio/Titulo breve |
Vers la Conférence Nationale Haitienne |
| 246 30 - FORMA VARIANTE DEL TITULO |
| Título propio/Titulo breve |
Randonnee |
| Resto del título |
vers la Conférence nationale haitienne souveraine |
| 260 ## - PUBLICACIÓN, DISTRIBUCIÓN, ETC. |
| Lugar de publicación, distribución, etc. |
[S.l. : |
| Nombre del editor, distribuidor, etc. |
s.n., |
| Fecha de publicación, distribución, etc. |
2006] |
| Lugar de fabricación/manufactura |
(Port-au-Prince, Haiti : |
| Fabricante |
Editions du Collége Canapè-Vert. |
| 300 ## - DESCRIPCIÓN FÍSICA |
| Extensión |
232 p. : |
| Otras características físicas |
ill., maps. ; |
| Dimensiones |
21 cm |
| 440 #0 - MENCIÓN DE SERIE/PUNTO DE ACCESO ADICIONAL--TÍTULO |
| Título |
Collection "Politique universitaire" pour une Haiti unie, libre et prospére |
| 504 ## - NOTA DE BIBLIOGRAFÍA, ETC. |
| Nota de bibliografía, etc. |
Includes bibliographical references (p. 226) and index |
| 546 ## - NOTA DE IDIOMA |
| Nota de lengua/lenguaje |
French with 5 pages in Haitian French Creole. |
| 610 20 - PUNTO DE ACCESO ADICIONAL DE MATERIA--NOMBRE DE ENTIDAD CORPORATIVA |
| Nombre de entidad corporativa o nombre de jurisdicción como elemento de entrada |
Collectif pour la Conférence nationale haitienne souveraine. |
| 651 #0 - PUNTO DE ACCESO ADICIONAL DE MATERIA--NOMBRE GEOGRÁFICO |
| Nombre geográfico |
Haiti |
| Subdivisión de forma |
Congresses. |
| 651 #0 - PUNTO DE ACCESO ADICIONAL DE MATERIA--NOMBRE GEOGRÁFICO |
| Nombre geográfico |
Haiti |
| Subdivisión general |
Politics and government |
| Subdivisión cronológica |
1986- |
| Subdivisión de forma |
Congresses. |
| 650 #0 - PUNTO DE ACCESO ADICIONAL DE MATERIA--TÉRMINO DE MATERIA |
| Término de materia o nombre geográfico como elemento de entrada |
Congresses and conventions |
| Subdivisión geográfica |
Haiti. |
| 610 20 - PUNTO DE ACCESO ADICIONAL DE MATERIA--NOMBRE DE ENTIDAD CORPORATIVA |
| Nombre de entidad corporativa o nombre de jurisdicción como elemento de entrada |
Colecticvo de Haiti para la conferencia nacional soberana |
| 651 #4 - PUNTO DE ACCESO ADICIONAL DE MATERIA--NOMBRE GEOGRÁFICO |
| Nombre geográfico |
Haiti |
| Subdivisión de forma |
Congreso |
| 651 #4 - PUNTO DE ACCESO ADICIONAL DE MATERIA--NOMBRE GEOGRÁFICO |
| Nombre geográfico |
Haiti |
| Subdivisión general |
Política y gobierno |
| Subdivisión cronológica |
1986 |
| Subdivisión de forma |
Congreso] |
| 942 ## - ELEMENTOS DE ENTRADA SECUNDARIOS (KOHA) |
| Fuente del sistema de clasificación o colocación |
Clasificación de Library of Congress |
| Tipo de ítem Koha |
|
| 946 ## - PROCESAMIENTO DE INFORMACIÓN LOCAL (OCLC) |
| a |
NBM |